000 00903nam a2200205Ii 4500
003 JO-AjNU
008 230605s9999||||xx |||||||||||||| ||und||
017 _a1980/1600
040 _aJO-AjNU
_bara
_erda
_cJO-AjNU
041 _aara
050 1 4 _aPN2075.B3234 1980
100 3 _aتأليف فريد، بدري حسون,
_eauthor
_939255
245 0 0 _aدليل التطبيقات المختبرية: وفقا لمفردات مناهج الفصول الدراسية كافة للفرع العام ولفرع التمثيل والإخراج في قسم الفنون المسرحية
264 3 1 _aبغداد: وزارة التعليم العالي والبحث العلمي، 1980
300 _a128ص
336 _atext
_btxt
_2rdacontent
337 _aunmediated
_bn
_2rdamedia
338 _avolume
_bnc
_2rdacarrier
650 4 _aالمسرح - المثيل - دليل - دراسة وتعليم
_939256
999 _aA16564
_c20132
_d20132